| 000 | 00777nam a2200253Ia 4500 | ||
|---|---|---|---|
| 003 | OSt | ||
| 005 | 20220925204015.0 | ||
| 006 | a|||||r|||| 00| 0 | ||
| 007 | ta | ||
| 008 | 220923b |||||||| |||| 00| 0 eng d | ||
| 020 | _a0813012457 | ||
| 037 | _cGeneral Book | ||
| 040 |
_aRTL _cRTL _beng |
||
| 041 |
_2eng _aeng |
||
| 082 | _aY:1, N3 | ||
| 100 |
_aMagnarella Paul J _9267567 |
||
| 245 | 0 |
_aHuman materilism _b A model of sociocultural system and a strategy for analysis |
|
| 260 |
_aGainesville _bUniversity Press of Florida _c1993 |
||
| 300 |
_axiv,161p _ccm. |
||
| 500 | _aBibliography: p 153-159; Appendix: p 144-152 | ||
| 650 | _aCulture and Civilisation | ||
| 942 |
_hY:1, N3 _cGB _2CC |
||
| 999 |
_c548354 _d548354 |
||